| 000 | 00855nam a2200253Ia 4500 | ||
|---|---|---|---|
| 003 | GCL | ||
| 008 | 140319s9999 xx 000 0 ara d | ||
| 040 |
_aGCL / _cGCL |
||
| 082 | 0 | 4 |
_aق _b551.45 _bج و |
| 100 | 1 | _aجميل على حمدى | |
| 245 | 1 | 0 |
_aواحات مصرية / _cجميل على حمدى |
| 260 |
_aالقاهرة : _bوزارة الاعلام الهيئة العامة للاستعلامات ، _c1994 |
||
| 300 |
_a23 سم ؛ _c32 سم |
||
| 490 |
_aسلسلة كتب ( تبسيط علمى للطلائع ) _v0 |
||
| 650 | 0 | 4 | _aالواحات الخارجة |
| 650 | 0 | 4 | _aالواحات البحرية |
| 650 | 0 | 4 | _aواحة سيوة |
| 650 | 0 | 4 | _aالواحات |
| 650 | 0 | 4 | _aالفيوم |
| 650 | 0 | 4 | _aالواحات الداخلة |
| 650 | 0 | 4 | _aواحة فيران |
| 650 | 0 | 4 | _aواحة باريس |
| 942 |
_2ddc _cBK |
||
| 999 |
_c58349 _d58349 |
||